000 00244nam a22001097a 4500
082 _a671.36 QUE'A
100 _aASM COMMITTES
_980650
245 _aQUENCHING AND MARTEMPERING
260 _aOHIO (USA)
_bASM
_c1964
300 _a277P
942 _cBK
999 _c585545
_d585545